الطاقة في مصر : (Record no. 14676)

MARC details
000 -الفاتح
حقل البيانات ثابتة الطول 01655nam a22003737i 4500
003 - محدد رقم الضبط
رقم الضبط EG-ScBUE
005 - وقت وتاريخ اخر تعامل مع التسجيلة
رقم الضبط 20260512092747.0
008 - عناصر البيانات ثابتة الطول - معلومات عامة
حقل البيانات ثابتة الطول 100819t1993 ua ab frb 000 0 eng d
017 ## - رقم الإيداع القانونى
رقم الإيداع القانونى 1993 / 10678
020 ## - الرقم الدولى المعيارى للكتب
الرقم الدولى المعيارى للكتاب 9770512435
040 ## - مصدر الفهرسة
وكالة الفهرسة الأصلية EG-ScBUE
لغة الفهرسة ara
قواعد الوصف rda
وكالة النسخ EG-ScBUE
وكالة التعديل EG-ScBUE
043 ## - رمز المنطقة الجغرافية
رمز المنطقة الجغرافية f-ua
082 04 - رقم تصنيف ديوى العشرى
رقم التصنيف 531.6
رقم المادة د ى ب
رقم الطبعة 22
100 1# - المدخل الرئيسى - إسم شخصى
9 (RLIN) 17532
الإسم الشخصى الديب، محمد محمود إبراهيم،
الدور مؤلف.
245 10 - بيان العنوان
العنوان الطاقة في مصر :
بقية العنوان دراسة تحليلية فى إقتصاديات المكان /
بيان المسئوليه,etc دكتور محمد محمود إبراهيم الديب، رئيس قسم الجغرافيا، كلية الآداب، عين شمس.
264 #1 - النشر، التوزيع
مكان الناشر او الموزع القاهرة :
اسم الناشر او الموزع مكتبة الأنجلو المصرية،
تاريخ النشر أو التوزيع [1993]
264 #4 - النشر، التوزيع
تاريخ النشر أو التوزيع تاريخ حق النشر 1993
300 ## - الوصف المادى
التعداد ث، 959 صفحة :
تفاصيل ماديه اخرى للوعاء جداول، خرائط ؛
أبعاد الوعاء 25 سم.
336 ## - نوع المحتوى
source rdacontent
Carrier Type Term نص
Content Type Code txt
337 ## - نوع الوسيط
Media Type Term بدون وسيط
source rdamedia
Media Type Code n
338 ## - نوع الحامل أو الناقل
Carrier Type Term مجلد
Carrier Type Code nc
source rdacarrier
490 0# - بيان السلسلة
عنوان السلسلة صناعات مصر
500 ## - تبصرة عامة
تبصرة عامة يشتمل على قائمة بالتصويبات.
500 ## - تبصرة عامة
تبصرة عامة يشتمل على ملاحق.
504 ## - تبصرة ببليوجرافية
تبصرة ببليوجرافية,الخ يشتمل على إرجاعات ببليوجرافية.
650 #7 - المدخل الاضافى بالموضوع-مصطلح موضوعى
9 (RLIN) 17536
مصطلح موضوعي أو اسم جغرافي كعنصر مدخل الطاقة
التقسيم الفرعي الجغرافي مصر.
مصدر الرأس أو المصطلح BUEsh
650 #7 - المدخل الاضافى بالموضوع-مصطلح موضوعى
9 (RLIN) 17537
مصطلح موضوعي أو اسم جغرافي كعنصر مدخل الطاقة
التقسيم الفرعي العام تحويل
التقسيم الفرعي الجغرافي مصر.
مصدر الرأس أو المصطلح BUEsh
650 #7 - المدخل الاضافى بالموضوع-مصطلح موضوعى
9 (RLIN) 17538
مصطلح موضوعي أو اسم جغرافي كعنصر مدخل الطاقة
التقسيم الفرعي العام نقل وتوزيع
التقسيم الفرعي الجغرافي مصر.
مصدر الرأس أو المصطلح BUEsh
650 #7 - المدخل الاضافى بالموضوع-مصطلح موضوعى
9 (RLIN) 17539
مصطلح موضوعي أو اسم جغرافي كعنصر مدخل الطاقة البترولية
التقسيم الفرعي الجغرافي مصر.
مصدر الرأس أو المصطلح BUEsh
650 #7 - المدخل الاضافى بالموضوع-مصطلح موضوعى
9 (RLIN) 17540
مصطلح موضوعي أو اسم جغرافي كعنصر مدخل الطاقة الكهربائية
التقسيم الفرعي الجغرافي مصر.
مصدر الرأس أو المصطلح BUEsh
650 #7 - المدخل الاضافى بالموضوع-مصطلح موضوعى
9 (RLIN) 17541
مصطلح موضوعي أو اسم جغرافي كعنصر مدخل طاقة الفحم
التقسيم الفرعي الجغرافي مصر.
مصدر الرأس أو المصطلح BUEsh
655 ## - مصطلح تكشيفى-نوع/شكل
التقسيم الفرعي الشكلي Reading book
942 ## - عناصر المدخل الإضافي( كوها)
مصدر التصنيف او مخطط الترفيف Dewey Decimal Classification
Koha [default] item type Book - Borrowing
Holdings
حالة التراجع حالة الفقد مصدر التصنيف او خطة الترفيف حالة تلف ليس للاعارة مجموعات كوها المكان الدائم المكان الحالي موقع الترفيف تاريخ الاكتساب رقم الاستدعاء الباركود Date last seen نوع الوعاء
    Dewey Decimal Classification     Alef-Baa Central Library Central Library First floor 19/08/2010 531.6 د ي ب 000025123 15/07/2025 Book - Borrowing